Entrepreneurship, innovation, and crisis : (Record no. 51343)

MARC details
000 -LEADER
fixed length control field 00671nam a2200217Ia 4500
005 - DATE AND TIME OF LATEST TRANSACTION
control field 20260429111911.0
008 - FIXED-LENGTH DATA ELEMENTS--GENERAL INFORMATION
fixed length control field 260429s9999||||xx |||||||||||||| ||und||
020 ## - INTERNATIONAL STANDARD BOOK NUMBER
International Standard Book Number 9781041203124
041 ## - LANGUAGE CODE
Language English
082 ## - DEWEY DECIMAL CLASSIFICATION NUMBER
Classification number 658.421
Item number DUD
100 ## - MAIN ENTRY--PERSONAL NAME
Personal name Duda, Joanna
245 #0 - TITLE STATEMENT
Title Entrepreneurship, innovation, and crisis :
Remainder of title SME responses to the covid-19 pandemic /
Statement of responsibility, etc Joanna Duda
250 ## - EDITION STATEMENT
Edition statement 1st ed.
260 ## - PUBLICATION, DISTRIBUTION, ETC. (IMPRINT)
Place of publication, distribution, etc United States :
Name of publisher, distributor, etc Routledge,
Date of publication, distribution, etc 2023.
300 ## - PHYSICAL DESCRIPTION
Extent xvi, 180 p.; hb
440 ## - SERIES STATEMENT/ADDED ENTRY--TITLE
Title Routledge studies in entrepreneurship and small business
650 ## - SUBJECT ADDED ENTRY--TOPICAL TERM
Topical term or geographic name as entry element Entrepreneurship
650 ## - SUBJECT ADDED ENTRY--TOPICAL TERM
Topical term or geographic name as entry element Entrepreneurial management
700 ## - ADDED ENTRY--PERSONAL NAME
Personal name Kusa, Rafal
942 ## - ADDED ENTRY ELEMENTS (KOHA)
Koha item type Text Books
Holdings
Withdrawn status Lost status Damaged status Not for loan Collection code Home library Location Shelving location Date of Cataloging Source of acquisition Total Checkouts Full call number Barcode Date last seen Price effective from Koha item type
        Non-fiction CUTN Central Library CUTN Central Library Medicine, Technology & Management 29/04/2026 Shanti Books, Chennai - Invoice No. 3100 on 09-02-2026   658.421 DUD 56289 29/04/2026 29/04/2026 Text Books